[Event "FRA-chT U20 16 GP Haute 1011"]
[Site "France"]
[Date "2011.06.12"]
[Round "11"]
[White "Lary, Damien"]
[Black "Trouve, Guillaume"]
[Result "0-1"]
[WhiteElo "1470"]
[BlackElo "1677"]
[PlyCount "60"]
[EventDate "2010.06.20"]
[EventType "team-tourn"]
[EventRounds "11"]
[EventCountry "FRA"]
[SourceTitle "EXT 2015"]
[Source "ChessBase"]
[SourceDate "2014.11.20"]
[SourceVersion "1"]
[SourceVersionDate "2014.11.20"]
[SourceQuality "1"]
[WhiteTeam "Grenoble (U20)"]
[BlackTeam "Sautron (U20)"]
[WhiteTeamCountry "FRA"]
[BlackTeamCountry "FRA"]

1. d4 d5 2. c4 e6 3. Nc3 Nf6 4. Bg5 Be7 5. e3 h6 6. Bh4 0-0 7. Bd3 b6 8. Nf3 Bb7 9. 0-0 Nbd7 10. Rc1 c5 11. Qb3 dxc4 12. Bxc4 Bxf3 13. gxf3 cxd4 14. exd4 Nh5 15. Bxe7 Qxe7 16. Ne4 Nf4 17. Kh1 Nf6 18. Rg1 N6h5 19. Qe3 Ng6 20. d5 Nhf4 21. dxe6 fxe6 22. Rg3 Rf5 23. Rcg1 Kh7 24. Qd4 Rd8 25. Qe3 Rh5 26. Rg4 e5 27. Qb3 Rf8 28. Bd3 Qd7 29. Rxg6 Rxh2+ 30. Kxh2 Qh3# 0-1

[Event "FRA-chT U20 16 GP Haute 1011"]
[Site "France"]
[Date "2011.06.12"]
[Round "9"]
[White "Lialy Yao, Mustapha"]
[Black "Lary, Damien"]
[Result "0-1"]
[WhiteElo "1380"]
[BlackElo "1470"]
[PlyCount "76"]
[EventDate "2010.06.20"]
[EventType "team-tourn"]
[EventRounds "11"]
[EventCountry "FRA"]
[SourceTitle "EXT 2015"]
[Source "ChessBase"]
[SourceDate "2014.11.20"]
[SourceVersion "1"]
[SourceVersionDate "2014.11.20"]
[SourceQuality "1"]
[WhiteTeam "Villepinte (U20)"]
[BlackTeam "Grenoble (U20)"]
[WhiteTeamCountry "FRA"]
[BlackTeamCountry "FRA"]

1. e4 c5 2. Nf3 Nc6 3. Bb5 Nf6 4. Nc3 e6 5. d3 Be7 6. e5 Nd5 7. Bxc6 dxc6 8. 0-0 0-0 9. Re1 Qc7 10. Be3 Rd8 11. Ne4 c4 12. Bc5 cxd3 13. cxd3 Bxc5 14. Nxc5 Qb6 15. Qc1 Nb4 16. d4 Qa5 17. Qc3 b6 18. Nb3 Qa4 19. Rec1 Ba6 20. a3 Nd3 21. Rd1 Qc4 22. Qxc4 Bxc4 23. Nc1 Nxb2 24. Rd2 Na4 25. Rb1 c5 26. dxc5 Rxd2 27. Nxd2 Rd8 28. Ncb3 Bxb3 29. Nxb3 Nxc5 30. Nxc5 bxc5 31. h3 h6 32. f4 Rd3 33. a4 Ra3 34. Rc1 Rxa4 35. Rxc5 Rxf4 36. g3 Rf3 37. Kg2 Ra3 38. Rc8+ Kh7 0-1

[Event "FRA-chTA U20 1011"]
[Site "France"]
[Date "2010.12.19"]
[Round "7.8"]
[White "Gillard, Martin"]
[Black "Lary, Damien"]
[Result "0-1"]
[WhiteElo "1009"]
[BlackElo "1410"]
[PlyCount "28"]
[EventDate "2010.11.21"]
[EventType "team-tourn"]
[EventRounds "7"]
[EventCountry "FRA"]
[SourceTitle "EXT 2012"]
[Source "ChessBase"]
[SourceDate "2011.11.24"]
[SourceVersion "1"]
[SourceVersionDate "2011.11.24"]
[SourceQuality "1"]
[WhiteTeam "Lyon"]
[BlackTeam "Grenoble"]
[WhiteTeamCountry "FRA"]
[BlackTeamCountry "FRA"]

1. e4 e5 2. Bc4 Nf6 3. Qf3 Nc6 4. Ne2 Bc5 5. g4 h6 6. h3 b6 7. Nbc3 Bb7 8. a3 Nd4 9. Nxd4 Bxd4 10. d3 Bxc3+ 11. bxc3 Qe7 12. d4 Bxe4 13. Qg3 Bxh1 14. Bb3 exd4+ 0-1

[Event "FRA-chTA U20 1011"]
[Site "France"]
[Date "2010.11.21"]
[Round "2.8"]
[White "Marcenac, Delphine"]
[Black "Lary, Damien"]
[Result "1-0"]
[WhiteElo "1290"]
[BlackElo "1410"]
[PlyCount "85"]
[EventDate "2010.11.21"]
[EventType "team-tourn"]
[EventRounds "7"]
[EventCountry "FRA"]
[SourceTitle "EXT 2012"]
[Source "ChessBase"]
[SourceDate "2011.11.24"]
[SourceVersion "1"]
[SourceVersionDate "2011.11.24"]
[SourceQuality "1"]
[WhiteTeam "Hyeres"]
[BlackTeam "Grenoble"]
[WhiteTeamCountry "FRA"]
[BlackTeamCountry "FRA"]

1. e4 e5 2. Nf3 Nc6 3. Bc4 Bc5 4. Nc3 Nf6 5. d3 0-0 6. 0-0 a6 7. h3 b5 8. Bb3 Na5 9. Nxe5 d6 10. Nf3 Nxb3 11. axb3 d5 12. Bg5 dxe4 13. Nxe4 Be7 14. Bxf6 Bxf6 15. Qc1 Bb7 16. Re1 Re8 17. Nxf6+ Qxf6 18. Qg5 Qxg5 19. Nxg5 h6 20. Rxe8+ Rxe8 21. Nf3 Bxf3 22. gxf3 Re2 23. Rc1 Kh7 24. f4 Kg6 25. Kg2 Re6 26. Kg3 Rd6 27. Re1 Kf5 28. Re5+ Kf6 29. Kg4 Rc6 30. c3 Rd6 31. d4 Re6 32. Rf5+ Kg6 33. h4 Re2 34. h5+ Kh7 35. f3 Rxb2 36. Rxf7 Rxb3 37. Rxc7 a5 38. d5 Rb2 39. d6 Kg8 40. d7 Kf7 41. d8Q+ Ke6 42. Re7+ Kf6 43. Qf8# 1-0